Bankové právo záväzkové
Salvato in:
| Autore principale: | |
|---|---|
| Altri autori: | |
| Natura: | Libro |
| Lingua: | slovacco |
| Pubblicazione: |
Bratislava
Wolters Kluwer
2018
|
| Edizione: | 1. vydanie |
| Soggetti: | |
| Tags: |
Nessun Tag, puoi essere il primo ad aggiungerne!!
|
MARC
| LEADER | 00000nam a2200000 4500 | ||
|---|---|---|---|
| 001 | 0276862 | ||
| 005 | 20240221112601.9 | ||
| 020 | |a 978-80-8168-961-1 | ||
| 020 | |a 978-80-8168-962-8 | ||
| 041 | 0 | |a slo | |
| 044 | |a SK | ||
| 245 | 1 | 0 | |a Bankové právo záväzkové |c Pavol Peceň - Roman Meliš |
| 250 | |a 1. vydanie | ||
| 264 | 1 | |a Bratislava |b Wolters Kluwer |c 2018 | |
| 300 | |a 774 s. | ||
| 610 | 2 | 0 | |a banky |
| 610 | 2 | 0 | |a zákonodarstvo |
| 610 | 2 | 0 | |a právo záväzkové |
| 610 | 2 | 0 | |a podnikanie |
| 610 | 2 | 0 | |a klienti |
| 610 | 2 | 0 | |a operácie bankové |
| 610 | 2 | 0 | |a záväzky |
| 610 | 2 | 0 | |a vzťahy právne |
| 610 | 2 | 0 | |a úpravy právne |
| 610 | 2 | 0 | |a peniaze |
| 610 | 2 | 0 | |a úkony právne |
| 610 | 2 | 0 | |a pohľadávky |
| 610 | 2 | 0 | |a úrok |
| 100 | 1 | |a Peceň, Pavol | |
| 700 | 1 | |a Meliš, Roman | |